An Evaluation of a Firm's Strategic Responses Against the Changing Competitive Conditions: A Case of Coca Cola Company, Kisii Bottlers Plant, Kisii, Kenya (Record no. 217103)

MARC details
000 -LEADER
fixed length control field 00617nam a22001577a 4500
008 - FIXED-LENGTH DATA ELEMENTS--GENERAL INFORMATION
fixed length control field 260511b |||||||| |||| 00| 0 eng d
050 ## - LIBRARY OF CONGRESS CALL NUMBER
Classification number THE HD 2910 N93 2006
Item number C.1
100 ## - MAIN ENTRY--PERSONAL NAME
Personal name Nyakeruma, Charles M.
245 ## - TITLE STATEMENT
Title An Evaluation of a Firm's Strategic Responses Against the Changing Competitive Conditions: A Case of Coca Cola Company, Kisii Bottlers Plant, Kisii, Kenya
260 ## - PUBLICATION, DISTRIBUTION, ETC.
Place of publication, distribution, etc. Kisii
Name of publisher, distributor, etc. Kisii University
Date of publication, distribution, etc. 2006
300 ## - PHYSICAL DESCRIPTION
Extent xiii, 68p.:ill.
500 ## - GENERAL NOTE
General note Includes bibliographical references
650 ## - SUBJECT ADDED ENTRY
Topical term or geographic name entry element 1. Competitive economy. 2. Customers' bargaining power.
942 ## - ADDED ENTRY ELEMENTS (KOHA)
Source of classification or shelving scheme Library of Congress Classification
Koha item type Reference
Holdings
Withdrawn status Lost status Source of classification or shelving scheme Damaged status Not for loan Collection Home library Current library Date acquired Inventory number Total checkouts Full call number Barcode Date last seen Copy number Price effective from Koha item type
    Library of Congress Classification     Special Research Kisii University Library Kisii University Library 05/11/2026 109441   THE HD 2910 N93 2006 A002027 05/11/2026 C.1 05/11/2026 Reference